Biology : (Record no. 329)
[ view plain ]
| 000 -LEADER | |
|---|---|
| fixed length control field | 00578cam a22001934a 4500 |
| 020 ## - INTERNATIONAL STANDARD BOOK NUMBER | |
| ISBN | 0130899410 |
| 050 00 - CALL NUMBER | |
| Classification number | QH308.2 |
| Item number | .Au2 |
| 100 1# - AUTHOR | |
| Personal name | Audesirk, Teresa. |
| 110 ## - AUTHOR | |
| CORPORATE AUTHOR | Audesirk, Gerald |
| 111 ## - AUTHOR | |
| AUTHOR | Byers, Bruce E. |
| 245 10 - TITLE | |
| Title | Biology : |
| Remainder of title | life on Earth / |
| Statement of responsibility, etc | Teresa Audesirk, Gerald Audesirk, Bruce E. Byers. |
| 250 ## - EDITION | |
| Edition statement | 6th ed. |
| 260 ## - PUBLICATION INFORMATION | |
| Place of publication | Upper Saddle River, N.J. : |
| Name of publisher | Prentice Hall, |
| Year of publication | 2001. |
| 300 ## - DESCRIPTION | |
| Number of Pages | xxix, 892, 26, 4, 24 p. : |
| Other physical details | col. ill., col. maps ; |
| Dimensions | 29 cm. |
| 650 #0 - SUBJECTS | |
| Topical Term | Biology. |
| 700 1# - OTHER AUTHORS | |
| Personal name | Audesirk, Gerald. |
| 700 1# - OTHER AUTHORS | |
| Personal name | Byers, Bruce E. |
| 942 ## - ADDED ENTRY ELEMENTS (KOHA) | |
| Koha item type | Books |
No items available.